000 00232nam a2200097Ia 4500
008 240331s9999 xx 000 0 und d
082 _bGLO
100 _aDaluwatte,S. ed
245 0 _aGlossary :
_bGender Development Labour
942 _cL
999 _c5805
_d5805